Statistiques concernant Ultimate Vêtements et Accessoires

Cliquez ici pour prendre le quiz!

Statistiques générales

  • Ce quiz a été pris 64 fois
  • Le résultat moyen est 18 sur 34

Statistiques - réponses

Réponse% Correct
Salopette
98%
Legging
95%
boxer
93%
caleçon
85%
Doudoune
85%
tutu
84%
Kilt
76%
Noeud papillon
75%
Kimono
73%
Collants
71%
Brassière
69%
Mocassin
69%
espadrille
65%
Corset
64%
Combinaison
58%
Kippa
56%
Mitaines
55%
Poncho
55%
Sombrero
55%
Bas
53%
bouton de manchette
53%
Sarouel
51%
cache-oreilles
49%
Pochette/mouchoir
42%
Cache-coeur
36%
Porte-jarretelles
29%
Abaya
20%
Fez
18%
Canotier
16%
Mi-bas
15%
Jambière
13%
Jupe-Culotte
13%
Spencer
4%
Pointinini
0%

Distribution des résultats

Percentile par nombre de réponses

% des personnes avec chaque résultat

Votre développement - résultats

Vous n’avez pas pris ce quiz